zpět

Detail výsledku týmu

Na Hřišti Rudolfov, Rudolfov

Datum a čas kvízu

40.5 Celkem bodů Celkový počet nahraných bodů na tomto kvízu bez doplňovacích otázek.
1. Pořadí na kvízu Konečné umístění týmu na tomto kvízu.

Zaznamenané odpovědi

# Otázka Odpověď Body Výsledky
1. Do aplikace eRecept přibyla od... ověření dostupnosti předepsaného léku 0
2. Kanaďan Nick Chowdhury před 33... A 1
3. Ve čtvrtek měl v kinech premié... Princezna na hrášku 1
4. Kvůli nařízení Evropské unie t... Alfa Romeo 1
5. V pátek proběhlo slavnostní vy... Král bílé stopy, Ester Ledecká 0.5
6. Kterým výrazem na písmeno M se... mixologie 1
7. Ernest Hemingway měl údajně v... Daiquiri 1
8. Oblíbenou složkou míchaných ná... z pomerančů 1
9. Hlavní hrdina filmu Big Lebows... White Russian (Bílý Rus, Bílý medvěd) 1
10. V poslední otázce se podíváme... Semafor 1